[Event "Titled Tue 10th Jun Early"]
[Site "chess.com INT"]
[Date "2025.06.10"]
[Round "2"]
[White "Andriienko, Artom"]
[Black "Shukhman, Anna"]
[Result "1-0"]
[BlackTitle "WGM"]
[WhiteElo "2151"]
[BlackElo "2413"]
[WhiteFideId "34129510"]
[BlackFideId "54180058"]
[EventDate "2025.06.10"]

1. e4 c5 2. Nf3 d6 3. Bb5+ Nd7 4. O-O Nf6 5. Re1 a6 6. Bf1 g6 7. c3 Bg7 8. d4 e5
9. a4 O-O 10. Na3 cxd4 11. cxd4 exd4 12. Nxd4 Nc5 13. f3 Re8 14. b4 Ne6 15. Bb2
Qb6 16. Nc4 Qa7 17. Nxd6 Rd8 18. e5 Nd5 19. Kh1 Nxb4 20. Nxe6 Bxe6 21. Bd4 b6
22. a5 Nd5 23. axb6 Qe7 24. Rxa6 Rxa6 25. Bxa6 Nxb6 26. Qa1 Nd5 27. Bc4 Qh4 28.
g3 Qh5 29. Be2 Ne7 30. f4 Bg4 31. Bxg4 Qxg4 32. Qd1 Qh3 33. Qf3 Nf5 34. Nxf5
Qxf5 35. Bf2 Rc8 36. Rd1 h5 37. Qd3 Qg4 38. Kg2 Ra8 39. h3 Qe6 40. Qf3 Ra2 41.
Re1 Qb6 42. Re2 Rxe2 43. Qxe2 Qc6+ 44. Qf3 Qc2 45. g4 hxg4 46. hxg4 Bf8 47. Kg3
Bb4 48. f5 gxf5 49. gxf5 Qc1 50. f6 Qg5+ 51. Qg4 Qxg4+ 52. Kxg4 Bc3 53. Kf5 Bb2
54. Ke4 Ba1 55. Bd4 Bxd4 56. Kxd4 Kh7 57. Kd5 Kg6 58. Kd6 Kf5 59. Ke7 Kg6 60. e6 1-0

[Event "Titled Tue 10th Jun Early"]
[Site "chess.com INT"]
[Date "2025.06.10"]
[Round "2"]
[White "Sheremetev, Vladislav"]
[Black "Askarov, Bakhtiyar"]
[Result "0-1"]
[WhiteTitle "CM"]
[BlackTitle "IM"]
[WhiteElo "2133"]
[BlackElo "2297"]
[WhiteFideId "54188300"]
[BlackFideId "13701100"]
[EventDate "2025.06.10"]

1. e4 c5 2. Nf3 Nf6 3. Nc3 d5 4. exd5 Nxd5 5. Bc4 Nb6 6. Bb5+ Bd7 7. O-O Bxb5 8.
Nxb5 a6 9. Nc3 Nc6 10. d3 e6 11. b3 Be7 12. Ne4 O-O 13. Bb2 Rc8 14. a4 Nd5 15.
Qd2 h6 16. d4 f5 17. Nxc5 Bxc5 18. dxc5 Nf6 19. Qxd8 Rfxd8 20. Rfe1 Ne4 21. Ba3
a5 22. Rad1 Nb4 23. Bxb4 axb4 24. Nd4 Rxc5 25. Nxe6 Rxd1 26. Rxd1 Rxc2 27. f3
Nd2 28. Nd4 Rb2 29. Nxf5 Nxb3 30. Rd7 Nc5 31. Rxg7+ Kf8 32. Rc7 b3 33. Rxc5 Rc2
34. Rb5 b2 35. Nxh6 Rc1+ 36. Kf2 b1=Q 37. Rxb1 Rxb1 38. g4 Ra1 39. h4 Rxa4 40.
g5 Rxh4 41. Nf5 Rf4 42. Nd6 b6 43. Ke3 Rb4 44. Ne4 Rc4 45. f4 b5 46. f5 b4 47.
f6 b3 48. g6 Rxe4+ 49. Kxe4 b2 0-1

[Event "Titled Tue 10th Jun Early"]
[Site "chess.com INT"]
[Date "2025.06.10"]
[Round "2"]
[White "Moghaddamian, Afshin"]
[Black "May Sanchez, Andres Elias"]
[Result "1-0"]
[WhiteTitle "CM"]
[BlackTitle "CM"]
[WhiteElo "2126"]
[BlackElo "2215"]
[WhiteFideId "12503886"]
[BlackFideId "5150973"]
[EventDate "2025.06.10"]

1. Nf3 d5 2. g3 Nf6 3. Bg2 c5 4. O-O Nc6 5. d4 e6 6. c4 dxc4 7. Qa4 cxd4 8. Nxd4
Qxd4 9. Bxc6+ Bd7 10. Bxd7+ Qxd7 11. Qxc4 Be7 12. Nc3 O-O 13. Rd1 Qc8 14. Qa4
Rd8 15. Bg5 h6 16. Bf4 Qc5 17. Be3 Qh5 18. f3 a6 19. Rxd8+ Rxd8 20. Rd1 Rxd1+
21. Qxd1 Qe5 22. Bd4 Qc7 23. Kg2 b5 24. Qd3 Qc6 25. b3 Nd5 26. Nxd5 Qxd5 27. e4
Qc6 28. Qc3 Qxc3 29. Bxc3 f6 30. Kf2 Bc5+ 31. Ke2 Kf7 32. Kd3 e5 33. Ba5 h5 34.
h3 g6 35. Bd2 Ke6 36. Be1 f5 37. g4 hxg4 38. hxg4 fxg4 39. fxg4 Bd4 40. Bd2 Bc5
41. a4 Bd4 42. Bc1 Bc5 43. Bh6 Bb6 44. Bg7 Bc5 45. Bh6 Bd6 46. Kc3 Bc5 47. Bg7
Bd6 48. Bh8 Bc5 49. Bg7 Bd6 50. Bh6 Bc5 51. Bg5 Bd6 52. Be3 Bc5 53. Bxc5 1-0

[Event "Titled Tue 10th Jun Early"]
[Site "chess.com INT"]
[Date "2025.06.10"]
[Round "2"]
[White "Olhovik, Andrei"]
[Black "Galperin, Platon"]
[Result "0-1"]
[WhiteTitle "FM"]
[BlackTitle "GM"]
[WhiteElo "2282"]
[BlackElo "2500"]
[WhiteFideId "13507397"]
[BlackFideId "14165414"]
[EventDate "2025.06.10"]

1. d4 Nf6 2. c4 e6 3. Nc3 Bb4 4. a3 Bxc3+ 5. bxc3 Nc6 6. f3 e5 7. e4 d6 8. Ne2
b6 9. Ng3 Na5 10. Bd3 Ba6 11. Qe2 exd4 12. cxd4 Nb3 13. Rb1 Nxd4 14. Qb2 Ne6 15.
O-O O-O 16. Nf5 Nd7 17. Qc3 f6 18. Qb3 Nec5 19. Qc2 Nxd3 20. Qxd3 Ne5 21. Qd5+
Kh8 22. Ne3 c6 23. Qd4 d5 24. exd5 cxd5 25. f4 Nc6 26. Qxd5 Qxd5 27. Nxd5 Bxc4
28. Rd1 Bxd5 29. Rxd5 Rad8 30. Rd2 Kg8 31. Kf2 Kf7 32. a4 Na5 33. Re2 Rd4 34.
Ba3 Rc8 35. Re7+ Kg6 36. Rxa7 Rc2+ 37. Kg3 Rd3+ 38. Kh4 Rxa3 39. Rxb6 Rxg2 40.
f5+ Kh6 41. Rxf6+ gxf6 42. Rxh7+ Kxh7 43. Kh5 Rg5+ 44. Kh4 Rxa4+ 45. Kh3 Ra3+
46. Kh4 Ra2 47. h3 Rg8 48. Kh5 Rag2 49. h4 R2g5+ 50. hxg5 Rxg5+ 51. Kh4 Nc4 0-1

[Event "Titled Tue 10th Jun Early"]
[Site "chess.com INT"]
[Date "2025.06.10"]
[Round "2"]
[White "Kawka, Milena"]
[Black "Castillo Pena, Patricia Evarista"]
[Result "1/2-1/2"]
[WhiteTitle "WCM"]
[BlackTitle "WFM"]
[WhiteElo "2003"]
[BlackElo "1909"]
[WhiteFideId "21095167"]
[BlackFideId "6412106"]
[EventDate "2025.06.10"]

1. e4 c5 2. Nf3 d6 3. Bb5+ Nd7 4. O-O a6 5. Be2 Ngf6 6. d3 b5 7. a4 Bb7 8. Re1
e5 9. h3 Be7 10. Nc3 b4 11. Nb1 Nf8 12. Nbd2 Ne6 13. Nc4 O-O 14. Bg5 h6 15. Be3
Nd4 16. c3 Nxf3+ 17. Bxf3 Re8 18. a5 Bc6 19. cxb4 cxb4 20. Nb6 Rb8 21. Rc1 Bb5
22. Qb3 Bf8 23. Red1 Rb7 24. Qxb4 d5 25. Bc5 Bxc5 26. Qxc5 d4 27. b4 Nd7 28.
Nxd7 Rxd7 29. Bg4 Rde7 30. Qd5 Qb8 31. Qb3 Rc7 32. Rc5 Rxc5 33. bxc5 Qc7 34. Qb4
g6 35. Be2 Re6 36. Rc1 Rc6 37. g3 Kg7 38. Kg2 h5 39. h4 Qd7 40. Rc2 Qe6 41. Rc1
Qc8 42. Bf1 Qc7 43. Rc2 Qc8 44. Rc1 Qg4 45. Kg1 g5 46. Qb3 gxh4 47. Qd5 hxg3 48.
Qxe5+ f6 49. Qe7+ Kg6 50. Qe8+ Kg7 51. Qe7+ Kg6 52. Qe8+ Kg7 53. Qe7+ 1/2-1/2

[Event "Titled Tue 10th Jun Early"]
[Site "chess.com INT"]
[Date "2025.06.10"]
[Round "2"]
[White "Beniosev, Daniel"]
[Black "Risteski, Emil"]
[Result "1/2-1/2"]
[WhiteTitle "CM"]
[BlackTitle "IM"]
[WhiteElo "1959"]
[BlackElo "2374"]
[WhiteFideId "11632674"]
[BlackFideId "15005267"]
[EventDate "2025.06.10"]

1. e4 g6 2. Nc3 Bg7 3. g3 c5 4. Bg2 Nc6 5. d3 Rb8 6. a4 d6 7. Be3 e6 8. Qd2 a6
9. Nge2 b5 10. axb5 axb5 11. d4 b4 12. Nd1 Qb6 13. c3 bxc3 14. bxc3 Nge7 15. O-O
O-O 16. dxc5 dxc5 17. Qd6 Ba6 18. Bxc5 Qb7 19. Re1 Rfd8 20. Qf4 Bxe2 21. Rxe2
Qb5 22. Bxe7 Nxe7 23. Rb2 Rxd1+ 24. Rxd1 Qxb2 25. Qc7 Qb7 26. Rd8+ Rxd8 27. Qxb7
Rd1+ 28. Bf1 Bf8 29. Kg2 g5 30. h3 Rc1 31. c4 Ng6 32. Qb5 h6 33. Be2 Kh7 34. Bh5
Bg7 35. c5 Ne5 36. Qb7 Rxc5 37. Bxf7 Nxf7 38. Qxf7 e5 39. Kf3 Rc2 40. Kg4 Rc6
41. Kh5 Rf6 42. Qe8 Rxf2 43. Qg6+ Kh8 44. Qe8+ Kh7 45. h4 gxh4 46. gxh4 Rf4 47.
Qg6+ Kh8 48. Qe8+ Rf8 49. Qg6 Rd8 50. Qf7 Rd6 51. Qe8+ Kh7 52. Qf7 Rf6 53. Qe8
Rf4 54. Qg6+ Kh8 55. Qe8+ Kh7 1/2-1/2

[Event "Titled Tue 10th Jun Early"]
[Site "chess.com INT"]
[Date "2025.06.10"]
[Round "2"]
[White "Montano Vicente, Guadalupe"]
[Black "Mompel Ferruz, Xavier"]
[Result "1/2-1/2"]
[BlackTitle "FM"]
[WhiteElo "1938"]
[BlackElo "2342"]
[WhiteFideId "5181399"]
[BlackFideId "54585775"]
[EventDate "2025.06.10"]

1. d4 d5 2. c4 e6 3. Nc3 Nf6 4. cxd5 exd5 5. Bg5 c6 6. e3 h6 7. Bh4 Be7 8. Bd3
O-O 9. Nge2 Re8 10. O-O Nbd7 11. Qc2 Nh5 12. Bxe7 Qxe7 13. a3 Ndf6 14. b4 a6 15.
Rab1 Bd7 16. a4 b5 17. a5 g6 18. h3 Ng7 19. Ng3 h5 20. Rfe1 h4 21. Nf1 Bf5 22.
Nd2 Bxd3 23. Qxd3 Ne4 24. Ncxe4 dxe4 25. Qe2 Nf5 26. Rec1 Rac8 27. Rc5 Qe6 28.
Rbc1 f6 29. Qd1 Kg7 30. Qb3 Qd6 31. Qc2 Qe7 32. Rxc6 Rxc6 33. Qxc6 Rf8 34. Qc7
Rf7 35. Qxe7 Rxe7 36. Rc6 Ra7 37. Kf1 Ne7 38. Rc5 f5 39. f3 exf3 40. gxf3 Kf6
41. Kf2 Ke6 42. e4 Rd7 43. Ke3 f4+ 44. Kd3 Kd6 45. Nf1 Nc6 46. Kc3 Nd8 47. Rd5+
Kc7 48. Rxd7+ Kxd7 49. Nh2 Kd6 50. Ng4 Nc6 51. Nh6 Ne7 52. Ng4 Nc6 53. Nf6 g5
54. Ng4 Ne7 55. Nh6 Nc6 56. Ng4 Ne7 57. Nh6 Nc6 58. Ng4 1/2-1/2

[Event "Titled Tue 10th Jun Early"]
[Site "chess.com INT"]
[Date "2025.06.10"]
[Round "2"]
[White "Sychev, Klementy"]
[Black "Kozlov, Oleg"]
[Result "1-0"]
[WhiteTitle "GM"]
[BlackTitle "IM"]
[WhiteElo "2513"]
[BlackElo "2253"]
[WhiteFideId "4114060"]
[BlackFideId "4104544"]
[EventDate "2025.06.10"]

1. e4 c5 2. Nf3 e6 3. d4 cxd4 4. Nxd4 a6 5. Bd3 Bc5 6. Nb3 Ba7 7. Qg4 Nf6 8. Qg3
d6 9. Nc3 Nc6 10. Bg5 h6 11. Bd2 b5 12. O-O-O Bb7 13. Qxg7 Rg8 14. Qxh6 Ne5 15.
f3 Rxg2 16. Bg5 Ng8 17. Bxd8 Nxh6 18. Bf1 Be3+ 19. Kb1 Rf2 20. Bh4 Rxf3 21. Bg2
b4 22. Na5 bxc3 23. Nxb7 Rb8 24. Nxd6+ Kf8 25. b3 Bd2 26. Bxf3 Nxf3 27. Bg3 Rb4
28. Rdf1 Ng5 29. Bf4 Bxf4 30. Rxf4 Ke7 31. Nc4 f6 32. h4 Ngf7 33. Rg1 f5 34.
exf5 Nxf5 35. h5 Rb8 36. Rh1 Rh8 37. Rf3 Kf6 38. Rxc3 Ng5 39. Rd3 Ne4 40. Rh2
Ng5 41. Kb2 Ne4 42. a4 Nc5 43. Rd1 Ne4 44. Re1 Ng5 45. Ree2 Nf3 46. Rhf2 Ng5 47.
Nd6 Rxh5 48. Nxf5 exf5 49. Re8 Nf7 50. Ra8 Ke5 51. Rxa6 Nd6 52. Ra5+ Ke6 53.
Re2+ Kf6 54. Ra6 1-0

[Event "Titled Tue 10th Jun Early"]
[Site "chess.com INT"]
[Date "2025.06.10"]
[Round "2"]
[White "Niemann, Hans Moke"]
[Black "Gilfanov, Marat I"]
[Result "1-0"]
[WhiteTitle "GM"]
[BlackTitle "FM"]
[WhiteElo "2736"]
[BlackElo "2343"]
[WhiteFideId "2093596"]
[BlackFideId "34372164"]
[EventDate "2025.06.10"]

1. e4 e6 2. d4 d5 3. e5 c5 4. c3 Nc6 5. Nf3 Bd7 6. g3 f6 7. Bh3 fxe5 8. dxe5 Qc7
9. O-O Be7 10. Re1 O-O-O 11. c4 dxc4 12. Na3 Nh6 13. Nxc4 Nf5 14. Bf4 Nfd4 15.
Nd6+ Kb8 16. Bg2 Nxf3+ 17. Qxf3 g5 18. Be3 Nxe5 19. Qxb7+ Qxb7 20. Nxb7 Rc8 21.
Bxg5 Bxg5 22. Rxe5 Be7 23. Rd1 Bc6 24. Bxc6 Rxc6 25. Na5 Ra6 26. Nc4 Kc7 27. Re3
Rb8 28. a3 Bf6 29. Rf3 Bd4 30. Rf7+ Kc6 31. Rd3 Kd5 32. b3 e5 33. Kg2 e4 34.
Rd7+ Ke6 35. R3xd4 cxd4 36. Rxd4 Rxb3 37. Rxe4+ Kd5 38. Rh4 Rc3 39. Ne3+ Kc6 40.
Rh6+ Kb5 41. Rxh7 Raxa3 42. h4 Ra2 43. Kf3 Rd3 44. h5 a5 45. h6 Rd6 46. Rb7+ Ka6
47. h7 Rf6+ 48. Kg4 Rh6 49. Nf5 Ra4+ 50. Kg5 Rh1 51. Rf7 Rb4 52. Nh4 Rb8 53. Kg6
Rc1 54. Kg7 Rcc8 55. Ng6 1-0

[Event "Titled Tue 10th Jun Early"]
[Site "chess.com INT"]
[Date "2025.06.10"]
[Round "2"]
[White "Sailer, Mike"]
[Black "Gurevich, Dmitry"]
[Result "1/2-1/2"]
[BlackTitle "GM"]
[WhiteElo "2108"]
[BlackElo "2338"]
[WhiteFideId "2012901"]
[BlackFideId "2000407"]
[EventDate "2025.06.10"]

1. d4 d5 2. Nf3 Nf6 3. e3 c5 4. Bd3 Nc6 5. b3 Bg4 6. Nbd2 cxd4 7. exd4 Nxd4 8.
O-O e6 9. Bb2 Nxf3+ 10. Nxf3 a6 11. Re1 Be7 12. c4 O-O 13. Qe2 dxc4 14. Bxc4 b5
15. Rad1 Qc7 16. Bd3 Nd5 17. Be5 Qb7 18. Be4 Rad8 19. h3 Bh5 20. g4 Bg6 21. Nd4
Bc5 22. Bxg6 hxg6 23. Qf3 Qb6 24. h4 f6 25. Nxe6 Qxe6 26. Bc7 Nxc7 27. Rxe6
Rxd1+ 28. Qxd1 Nxe6 29. Qd5 Kf7 30. Qb7+ Be7 31. Qxa6 b4 32. Qc4 g5 33. h5 Rd8
34. Qe4 Rd4 35. Qg6+ Kf8 36. h6 Rxg4+ 37. Kf1 gxh6 38. Qf5 Rf4 39. Qxe6 h5 40.
Qc8+ Kf7 41. Qc6 h4 42. Qd5+ Kg7 43. Qe6 Bf8 44. Qd5 g4 45. Kg2 h3+ 46. Kh2
Rxf2+ 47. Kg3 Rg2+ 48. Kh4 Be7 49. Qd7 Kf7 50. Qd5+ Ke8 51. Qc6+ Kf7 52. Qd5+
Kf8 53. Qa8+ Kg7 54. Qb7 Kf7 55. Qd5+ 1/2-1/2

[Event "Titled Tue 10th Jun Early"]
[Site "chess.com INT"]
[Date "2025.06.10"]
[Round "2"]
[White "Recuero Guerra, Javier"]
[Black "Zlatin, Alexander"]
[Result "1-0"]
[WhiteTitle "FM"]
[BlackTitle "FM"]
[WhiteElo "2126"]
[BlackElo "2313"]
[WhiteFideId "2254085"]
[BlackFideId "2810549"]
[EventDate "2025.06.10"]

1. e4 c6 2. d4 d5 3. e5 Bf5 4. Nf3 c5 5. Be2 Nc6 6. O-O e6 7. c3 h6 8. Nbd2 Qb6
9. dxc5 Bxc5 10. Nb3 Nge7 11. Nxc5 Qxc5 12. Be3 Qa5 13. a4 Qc7 14. Bd4 Ng6 15.
Bb5 O-O 16. Re1 a6 17. Bxc6 Qxc6 18. a5 Bg4 19. h3 Bxf3 20. Qxf3 Ne7 21. b4 Nf5
22. Bc5 Rfd8 23. g4 Nh4 24. Qg3 Ng6 25. Bd4 Qb5 26. f4 Rac8 27. Rf1 Rc4 28. f5
Nf8 29. Qf4 exf5 30. gxf5 Qc6 31. Kh1 Re8 32. Rg1 Kh7 33. Rg4 f6 34. Rag1 Re7
35. Qg3 Qc7 36. exf6 Qxg3 37. R1xg3 gxf6 38. Bxf6 Rxg4 39. Rxg4 Re1+ 40. Kg2 Nd7
41. Bd4 Ne5 42. Rg3 Ng6 43. fxg6+ Kg8 44. g7 Re2+ 45. Kf3 Re1 46. Kg4 Re4+ 47.
Kf5 h5 48. Rf3 h4 49. Kg6 Re8 50. Bc5 Re6+ 51. Rf6 Rxf6+ 52. Kxf6 d4 53. Bxd4 b5
54. Kg5 Kf7 55. Kxh4 Kg8 56. Kg4 Kh7 57. Kf4 Kg8 58. Ke4 Kf7 59. Kd5 Kg8 60. Kc5
Kh7 61. Kb6 Kg8 62. Kxa6 Kf7 63. Kxb5 Kg8 64. a6 Kh7 65. a7 Kg8 66. a8=Q+ Kf7
67. Qd5+ Kg6 68. g8=Q+ Kh6 69. Qdg5# 1-0

[Event "Titled Tue 10th Jun Early"]
[Site "chess.com INT"]
[Date "2025.06.10"]
[Round "2"]
[White "Mahdavi, Reza"]
[Black "Demchenko, Yaroslav"]
[Result "0-1"]
[WhiteTitle "IM"]
[BlackTitle "CM"]
[WhiteElo "2454"]
[BlackElo "2263"]
[WhiteFideId "12595926"]
[BlackFideId "14186667"]
[EventDate "2025.06.10"]

1. e4 e6 2. d3 d5 3. Nd2 dxe4 4. dxe4 Nf6 5. Ngf3 Be7 6. Be2 O-O 7. O-O b6 8. c3
Bb7 9. Qc2 c5 10. e5 Nd5 11. Ne4 f5 12. exf6 Nxf6 13. Neg5 Qc8 14. Ne5 Nc6 15.
Nxc6 Bxc6 16. Bc4 Bd5 17. Bd3 h6 18. Nh3 Bd6 19. Nf4 Bxf4 20. Bxf4 Qb7 21. f3
Rad8 22. c4 Bc6 23. Be5 Nd7 24. Bc3 e5 25. Rae1 Rde8 26. Bg6 Re7 27. Re2 Qc7 28.
Rfe1 Qd6 29. Bh7+ Kh8 30. Be4 Rfe8 31. Rd2 Qc7 32. Bg6 Rf8 33. Rde2 Qd6 34. a3
a5 35. b3 a4 36. b4 Rf6 37. Be4 Rfe6 38. Bf5 Rf6 39. b5 Bb7 40. Rd2 Qc7 41. Red1
Nf8 42. Rd8 Ref7 43. Be4 Bxe4 44. Qxe4 Qe7 45. Qxe5 Re6 46. Qg3 Kh7 47. h4 Ng6
48. Rb8 Nf4 49. Rd2 Ne2+ 50. Rxe2 Rxe2 51. Kh2 Re6 52. Qg4 Rg6 53. Qc8 Qd6+ 54.
Kg1 Qd1+ 55. Kh2 Qd6+ 56. Kg1 Qd1+ 57. Kh2 Rxg2+ 58. Kxg2 Qxf3+ 59. Kg1 Qf2+ 60.
Kh1 Qf1+ 61. Kh2 Rf2+ 62. Kg3 Qg1+ 63. Kh3 Rh2# 0-1

[Event "Titled Tue 10th Jun Early"]
[Site "chess.com INT"]
[Date "2025.06.10"]
[Round "2"]
[White "Fomevor, Cephas Clinton"]
[Black "Hernandez Leon, Sergio"]
[Result "1-0"]
[WhiteTitle "CM"]
[BlackTitle "CM"]
[WhiteElo "1883"]
[BlackElo "2102"]
[WhiteFideId "12601330"]
[BlackFideId "2285622"]
[EventDate "2025.06.10"]

1. d4 Nf6 2. c4 e6 3. Nf3 b6 4. a3 Ba6 5. e3 d5 6. Nbd2 Be7 7. cxd5 Bxf1 8. Nxf1
exd5 9. Ng3 O-O 10. O-O c5 11. dxc5 bxc5 12. b3 Nbd7 13. Bb2 Re8 14. Rc1 Rc8 15.
Qc2 Qb6 16. Rfd1 Rb8 17. Nd2 Rec8 18. Nf5 Bf8 19. Rb1 a5 20. Ba1 Qe6 21. Ng3 h5
22. Rdc1 h4 23. Ne2 h3 24. Nf4 Qg4 25. Nxh3 Bd6 26. Qd1 Qg6 27. g3 Ne5 28. Nf4
Qh6 29. Bxe5 Bxe5 30. Nf3 Bxf4 31. exf4 Qg6 32. Ne5 Qe4 33. Qe1 Qf5 34. Qxa5 c4
35. b4 c3 36. Qa7 Ra8 37. Qd4 Rxa3 38. Ra1 Rxa1 39. Rxa1 c2 40. Rc1 Qe4 41. Qxe4
dxe4 42. b5 Nd5 43. Nc6 Kf8 44. Rxc2 e3 45. fxe3 Nxe3 46. Ra2 Nd5 47. Ra7 Ke8
48. Rb7 g6 49. Rb8 Rxb8 50. Nxb8 Kd8 51. Kf2 Kc7 52. Nc6 Nc3 53. Nd4 Kd6 54. Ke3
Nd5+ 55. Kd3 f6 56. Nc6 Kc5 57. Nd8 Nb4+ 58. Ke4 Kxb5 59. f5 g5 60. h4 gxh4 61.
gxh4 Kc5 62. Ne6+ Kd6 63. Nf4 Ke7 64. Nd5+ Nxd5 65. Kxd5 Kf7 66. Kd6 Kg7 67. Ke7
Kh6 68. Kxf6 Kh7 69. Ke7 Kg7 70. f6+ Kg8 71. f7+ Kh7 72. f8=Q Kg6 73. Qf7+ Kh6
74. Qg8 Kh5 75. Qh8+ Kg6 76. h5+ 1-0

[Event "Titled Tue 10th Jun Early"]
[Site "chess.com INT"]
[Date "2025.06.10"]
[Round "2"]
[White "Mikhailova, Irina"]
[Black "Perossa, Nicolas"]
[Result "0-1"]
[WhiteTitle "WGM"]
[BlackTitle "FM"]
[WhiteElo "2143"]
[BlackElo "2286"]
[WhiteFideId "4109040"]
[BlackFideId "2850520"]
[EventDate "2025.06.10"]

1. d4 Nf6 2. Nf3 e6 3. c4 d5 4. Nc3 c5 5. cxd5 Nxd5 6. e4 Nxc3 7. bxc3 cxd4 8.
cxd4 Bb4+ 9. Bd2 Bxd2+ 10. Qxd2 O-O 11. h4 b6 12. h5 h6 13. Be2 Bb7 14. Qe3 Nd7
15. Ne5 Nxe5 16. dxe5 Qc7 17. f4 Rac8 18. O-O Qc3 19. Qxc3 Rxc3 20. Bf3 Rfc8 21.
Rf2 Rc1+ 22. Rxc1 Rxc1+ 23. Kh2 Rc4 24. Rd2 Bxe4 25. Rd8+ Kh7 26. Bxe4+ Rxe4 27.
Kg3 Re3+ 28. Kg4 Ra3 29. Rd7 Rxa2 30. g3 b5 31. Rxf7 b4 32. Rb7 a5 33. f5 exf5+
34. Kxf5 Rf2+ 35. Ke4 Re2+ 36. Kf5 Re3 37. Kf4 Re2 38. Kf5 Re1 39. e6 Re3 40. e7
b3 41. Kf4 Re1 42. Rxb3 Rxe7 43. g4 a4 44. Ra3 Ra7 45. g5 hxg5+ 46. Kxg5 Ra5+
47. Kh4 Kh6 48. Kg4 Rg5+ 49. Kf3 Ra5 50. Kg4 Ra7 51. Kh4 Ra8 52. Kg4 Ra5 53. Kg3
Kxh5 54. Kh3 g5 55. Kg3 Ra6 56. Kh3 g4+ 57. Kg3 Kg5 58. Rd3 a3 59. Rd5+ Kf6 60.
Rd1 Kf5 61. Ra1 a2 62. Rf1+ Ke4 63. Re1+ Kd3 64. Ra1 Kc2 65. Rxa2+ Rxa2 0-1

[Event "Titled Tue 10th Jun Early"]
[Site "chess.com INT"]
[Date "2025.06.10"]
[Round "2"]
[White "Khazhatuly, Alikhan"]
[Black "Tang, Andrew"]
[Result "0-1"]
[WhiteTitle "CM"]
[BlackTitle "GM"]
[WhiteElo "2173"]
[BlackElo "2529"]
[WhiteFideId "13731335"]
[BlackFideId "2059630"]
[EventDate "2025.06.10"]

1. e4 e5 2. Nf3 Nc6 3. Nc3 Nf6 4. Bb5 Bc5 5. O-O O-O 6. Bxc6 dxc6 7. h3 Re8 8.
d3 Nd7 9. Ne2 Nf8 10. Ng3 f6 11. Be3 Bb6 12. d4 exd4 13. Nxd4 Qe7 14. Re1 Qf7
15. c3 Bd7 16. Qc2 Rad8 17. a4 a5 18. Rad1 Ng6 19. f4 Bc8 20. Qf2 Bc5 21. Rd2
Bf8 22. Red1 c5 23. Nb5 Rxd2 24. Rxd2 b6 25. Kh2 Bb7 26. Qf1 Bxe4 27. Nxe4 Rxe4
28. Qd3 f5 29. Rf2 c4 30. Qd2 h6 31. Bd4 c6 32. Na3 Bd6 33. Be3 Qe6 34. Nc2 c5
35. g3 Ne7 36. Qd1 Nd5 37. Bd2 Bc7 38. Ne1 Nf6 39. Ng2 Kh7 40. Nh4 Nd5 41. Nf3
Qf6 42. Kg2 Qg6 43. Kh2 Qc6 44. Nh4 Ne7 45. Nf3 b5 46. Qf1 bxa4 47. Ne5 Bxe5 48.
fxe5 Rxe5 49. Qxc4 Re4 50. Qf7 Qe6 51. Qf8 c4 52. Bf4 Re2 53. Kg1 Re1+ 54. Kh2
Qe4 55. Rg2 Ng6 56. Bd2 Re2 57. Qc5 Qxg2# 0-1

[Event "Titled Tue 10th Jun Early"]
[Site "chess.com INT"]
[Date "2025.06.10"]
[Round "2"]
[White "Howell, David W L"]
[Black "Gyurjinyan, Valter"]
[Result "1-0"]
[WhiteTitle "GM"]
[BlackTitle "CM"]
[WhiteElo "2668"]
[BlackElo "2208"]
[WhiteFideId "410608"]
[BlackFideId "13318179"]
[EventDate "2025.06.10"]

1. e4 c5 2. Nc3 Nc6 3. f4 g6 4. Nf3 Bg7 5. a3 e6 6. b4 d6 7. bxc5 dxc5 8. e5 f6
9. Bb5 Ne7 10. exf6 Bxf6 11. Rb1 O-O 12. Ne4 Bg7 13. Nxc5 Nd5 14. Bxc6 bxc6 15.
O-O Nxf4 16. Bb2 e5 17. Qe1 Qd5 18. Ne4 Bg4 19. d3 Rae8 20. Qe3 a5 21. Rbe1 Bh6
22. Qc5 Qxc5+ 23. Nxc5 Bg7 24. Ne4 h6 25. h3 Nxh3+ 26. gxh3 Bxf3 27. Re3 Bxe4
28. Rxe4 Rf5 29. Bc3 Bf8 30. a4 Bc5+ 31. Kg2 Rxf1 32. Kxf1 Rf8+ 33. Ke1 Bd6 34.
Bxa5 Rf3 35. h4 Rh3 36. Bd2 Rh1+ 37. Ke2 Kg7 38. a5 Ra1 39. Bc3 Ra2 40. Kd2 Kf6
41. Kc1 Ra3 42. Kb2 Rxc3 43. Kxc3 Bc7 44. a6 Bb6 45. Rb4 Bg1 46. Rb7 g5 47.
hxg5+ hxg5 48. a7 Bxa7 49. Rxa7 g4 50. Ra1 Kf5 51. Kc4 Kf4 52. Kc5 g3 53. Kxc6
e4 54. dxe4 Kxe4 55. c4 Kd4 56. c5 Ke3 57. Kd6 Kf2 58. c6 g2 59. Ra2+ Kf1 60.
Rxg2 Kxg2 61. c7 1-0

[Event "Titled Tue 10th Jun Early"]
[Site "chess.com INT"]
[Date "2025.06.10"]
[Round "2"]
[White "Bold, Andre"]
[Black "Zgadzaj, Rafal"]
[Result "1-0"]
[WhiteTitle "CM"]
[BlackTitle "CM"]
[WhiteElo "2235"]
[BlackElo "2018"]
[WhiteFideId "16208471"]
[BlackFideId "1113712"]
[EventDate "2025.06.10"]

1. d4 d5 2. Nf3 Bg4 3. Ne5 Bf5 4. c4 f6 5. Nf3 c6 6. Nc3 e6 7. Qb3 Qb6 8. c5
Qxb3 9. axb3 Nd7 10. b4 a6 11. b5 cxb5 12. Nxb5 Rc8 13. Nc3 Ne7 14. e3 Nc6 15.
Nh4 Bg6 16. Nxg6 hxg6 17. h3 Kf7 18. Bd3 f5 19. O-O Nf6 20. Rb1 e5 21. Ne2 Rh4
22. f4 exd4 23. Nxd4 Nxd4 24. exd4 Ne4 25. Be3 Be7 26. b4 Bf6 27. Bxe4 fxe4 28.
b5 Rhh8 29. bxa6 bxa6 30. Rb7+ Be7 31. Rfb1 Rc6 32. Ra7 Rhc8 33. Rbb7 Re6 34. g4
Re8 35. Kg2 Rc6 36. f5 gxf5 37. gxf5 Kf6 38. h4 Rcc8 39. Bg5+ Kxf5 40. Rxe7 Rxe7
41. Rxe7 Ra8 42. Re5+ Kg4 43. Rxd5 a5 44. Re5 a4 45. Rxe4+ Kf5 46. Re1 a3 47.
Ra1 a2 48. c6 Ke4 49. c7 Kxd4 50. Kg3 Kd5 51. Rxa2 Rc8 52. Bd8 Ke6 53. Rb2 Kd7
54. Kg4 Ra8 55. Rb8 Ra4+ 56. Kg5 Rc4 57. c8=Q+ Rxc8 58. Rxc8 Kxc8 59. Ba5 1-0

[Event "Titled Tue 10th Jun Early"]
[Site "chess.com INT"]
[Date "2025.06.10"]
[Round "2"]
[White "Haddouche, Mohamed"]
[Black "Garcia Gracia, Victor Hugo"]
[Result "1-0"]
[WhiteTitle "GM"]
[BlackTitle "CM"]
[WhiteElo "2490"]
[BlackElo "2206"]
[WhiteFideId "7900660"]
[BlackFideId "22295755"]
[EventDate "2025.06.10"]

1. e4 e6 2. d3 d5 3. Qe2 Be7 4. Nf3 Nf6 5. g3 Nc6 6. Bg2 dxe4 7. dxe4 e5 8. O-O
Bg4 9. c3 a5 10. h3 Be6 11. Rd1 Qc8 12. Ng5 O-O 13. Nxe6 Qxe6 14. Be3 Rfd8 15.
Nd2 h6 16. a4 Rd7 17. Nc4 Rad8 18. Rxd7 Rxd7 19. Nd2 Nd8 20. Qc4 b6 21. Qxe6
Nxe6 22. Nc4 Bd6 23. Rd1 Ne8 24. Nxe5 Rd8 25. Nc6 Rc8 26. e5 Bf8 27. f4 g6 28.
Kf2 N8g7 29. g4 h5 30. Be4 Re8 31. Rd7 Bc5 32. Bd5 hxg4 33. hxg4 Rf8 34. Nd4 Rd8
35. Rxd8+ Nxd8 36. Kf3 c6 37. Bc4 Kf8 38. Ke4 Ke7 39. f5 gxf5+ 40. gxf5 f6 41.
e6 Nh5 42. Kf3 Ng7 43. Kg4 Bxd4 44. cxd4 Nb7 45. Bh6 Ne8 46. Bd3 Ned6 47. Bf4 c5
48. d5 c4 49. Bc2 Nc5 50. Be3 Nde4 51. Bxe4 Nxe4 52. Bxb6 Kd6 53. Bd8 Kxd5 54.
Bxa5 Ke5 55. Bc3+ Kd6 56. Kf4 Nc5 57. a5 1-0